000 00811nam a2200217Ia 4500
003 GCL
008 140319s9999 xx 000 0 ara d
040 _aGCL /
_cGCL
082 0 4 _a323.1
_bم ف
100 1 _aمنظمة التحرير الفلسطنية
245 1 0 _aالفلسطنيون العرب فى مصر العربية : بحوث دراسات /
_cمنظمة التحرير الفلسطنية
700 1 _aالمجلس الاعلى للتربية والثقافة
260 _a[S.N] :
_bدار المستقبل العربى ،
_c1986
300 _a161 ص
490 _aالدراسات والاوراق الفلسطنية العربية
_v0
650 0 4 _aمصر
650 0 4 _aالاحوال الاجتماعية
650 0 4 _aفلسطين
650 0 4 _aتاريخ حديث
942 _2ddc
_cBK
999 _c55650
_d55650